Normal view
MARC view
Entry Personal Name
001 - CONTROL NUMBER
- control field: 30543
003 - CONTROL NUMBER IDENTIFIER
- control field: OSt
005 - DATE AND TIME OF LATEST TRANSACTION
- control field: 20230913083642.0
008 - FIXED-LENGTH DATA ELEMENTS
- fixed length control field: 230913|| aca||aabn | a|a d
040 ## - CATALOGING SOURCE
- Original cataloging agency: OSt
- Transcribing agency: OSt
100 ## - HEADING--PERSONAL NAME
- Personal name: ဖေမြင့်၊ ဦး
670 ## - SOURCE DATA FOUND
- Source citation: Work cat.: (OSt): ဖေမြင့်၊ ဦး, ဂုဏာဘိတ္ထဝပူဇာ မဟာထေရုပ္ပတ္တိကထာနှင့်ပကိဏ္ဏက ကာဗျမဥ္ဇရီ /, ၁၉၈၅။